000 00695nam a2200289Ia 4500
005 20260324124912.0
008 008 260324s9999 xx 000 0 eng d
020 _a9781315607177
037 _aEBOOK
040 _aCRL
040 _beng
040 _cCRL
041 _2eng
041 _aeng
084 _qCRL
100 _aSarah Neal
_91175936
245 0 _aRural Identities
245 0 _bEthnicity and Community in the Contemporary English Countryside
260 _bTaylor and Francis
260 _c2009
365 _a
365 _b240
856 _uhttp://www.taylorfrancis.com/books/9781315607177
942 _cEBOOK
999 _c1770729
_d1770729